| 000 | 00469nam a2200193Ia 4500 | ||
|---|---|---|---|
| 005 | 20240823044941.0 | ||
| 008 | 240823s9999||||xx |||||||||||||| ||und|| | ||
| 020 | _a81-8128-441-0 | ||
| 041 | _aENGLISH | ||
| 082 | _A006.696 P6 | ||
| 100 | _aKristian Besley et al. | ||
| 245 | 0 | _aFoundation ActionScript for Flash 8 | |
| 250 | _a1st | ||
| 260 |
_c2006 _bDreamtech New |
||
| 500 | _aYES | ||
| 650 |
_aFlash 8 _bComputer Science |
||
| 942 | _cBK | ||
| 999 |
_c213815 _d213815 |
||